[Event "Dubai op-B 23rd"]
[Site "Dubai"]
[Date "2023.05.30"]
[Round "4"]
[White "Abdulwahhab, Ahmed Abdulsattar"]
[Black "Noman, Shaima"]
[Result "1-0"]
[WhiteElo "2193"]
[BlackElo "1488"]
[PlyCount "57"]
[EventDate "2023.05.27"]
[EventType "swiss"]
[EventRounds "9"]
[EventCountry "UAE"]
[SourceTitle "CBM 214 Extra"]
[Source "ChessBase"]
[SourceDate "2023.07.31"]
[SourceVersion "1"]
[SourceVersionDate "2023.07.31"]
[SourceQuality "1"]

1. e4 c5 2. Nf3 Nc6 3. c3 d5 4. exd5 Qxd5 5. d4 e6 6. Na3 Nf6 7. Be3 cxd4 8. Nb5 Qd8 9. Nbxd4 Nd5 10. Bd2 Bd6 11. Bc4 0-0 12. 0-0 Nf4 13. Re1 Qf6 14. Nxc6 bxc6 15. Bxf4 Bxf4 16. Qd4 Qh6 17. g3 Bc7 18. Rad1 Bb6 19. Qe4 Rb8 20. Ne5 Qf6 21. Re2 g6 22. Nxc6 Bb7 23. Qe5 Qxe5 24. Nxe5 Rfd8 25. Red2 Rxd2 26. Rxd2 Rd8 27. Rd3 Rd6 28. Rxd6 Bd8 29. Rxd8+ 1-0

[Event "Dubai op-B 23rd"]
[Site "Dubai"]
[Date "2023.05.28"]
[Round "2"]
[White "Sabirova, Shakhnoza"]
[Black "Noman, Shaima"]
[Result "1-0"]
[WhiteElo "1962"]
[BlackElo "1488"]
[PlyCount "51"]
[EventDate "2023.05.27"]
[EventType "swiss"]
[EventRounds "9"]
[EventCountry "UAE"]
[SourceTitle "CBM 214 Extra"]
[Source "ChessBase"]
[SourceDate "2023.07.31"]
[SourceVersion "1"]
[SourceVersionDate "2023.07.31"]
[SourceQuality "1"]

1. e4 c5 2. Nf3 Nc6 3. Bb5 Nd4 4. Nxd4 cxd4 5. c3 e6 6. cxd4 Qg5 7. Bf1 Nf6 8. Nc3 Be7 9. e5 Nd5 10. Nxd5 exd5 11. Qf3 Qg6 12. Qxd5 0-0 13. Be2 Rb8 14. 0-0 d6 15. Qf3 Bf5 16. d3 b6 17. Bf4 Rbd8 18. Rfd1 d5 19. Rac1 Rd7 20. Rc2 Be6 21. Qg3 Qxg3 22. Bxg3 f5 23. Rc6 Kf7 24. Rdc1 Rfd8 25. Rxe6 Kxe6 26. Rc6+ 1-0

[Event "Wch U14 Girls"]
[Site "Durban"]
[Date "2014.09.26"]
[Round "8"]
[White "Noman, Shaima"]
[Black "Simon, Tessa"]
[Result "0-1"]
[WhiteElo "1434"]
[BlackElo "1688"]
[PlyCount "68"]
[EventDate "2014.09.20"]
[EventType "swiss"]
[EventRounds "11"]
[EventCountry "RSA"]
[SourceTitle "CBM 162 Extra"]
[Source "ChessBase"]
[SourceDate "2014.10.17"]
[SourceVersion "1"]
[SourceVersionDate "2014.10.17"]
[SourceQuality "1"]

1. e4 e5 2. Nf3 Nc6 3. d4 exd4 4. Bc4 Bc5 5. c3 d6 6. cxd4 Bb6 7. 0-0 Nf6 8. Nc3 0-0 9. h3 Nxe4 10. Bxf7+ Rxf7 11. Nxe4 h6 12. Be3 d5 13. Ng3 Qd6 14. Qe2 Bd7 15. Rad1 Re8 16. Qd2 Rxf3 17. gxf3 Ba5 18. Qd3 Bxh3 19. a3 Bxf1 20. Kxf1 Rf8 21. Kg2 Qf6 22. f4 Bb6 23. f3 Ne7 24. Rh1 Nf5 25. Nxf5 Qxf5 26. Qd2 c6 27. Rh4 Bd8 28. Rh1 Bc7 29. Rh4 Qf6 30. Rh3 Bxf4 31. Bxf4 Qxf4 32. Qd3 Rf5 33. Rh1 Rg5+ 34. Kf1 Qc1+ 0-1

[Event "Wch U14 Girls"]
[Site "Durban"]
[Date "2014.09.21"]
[Round "3"]
[White "Coman, Emilia Florentina"]
[Black "Noman, Shaima"]
[Result "1/2-1/2"]
[WhiteElo "1718"]
[BlackElo "1434"]
[PlyCount "83"]
[EventDate "2014.09.20"]
[EventType "swiss"]
[EventRounds "11"]
[EventCountry "RSA"]
[SourceTitle "CBM 162 Extra"]
[Source "ChessBase"]
[SourceDate "2014.10.17"]
[SourceVersion "1"]
[SourceVersionDate "2014.10.17"]
[SourceQuality "1"]

1. d4 d5 2. Nf3 Nf6 3. c4 e6 4. Nc3 c6 5. Bg5 Nbd7 6. Qb3 Be7 7. e3 0-0 8. Bd3 c5 9. 0-0 cxd4 10. Nxd4 Nc5 11. Qc2 Nxd3 12. Qxd3 e5 13. Nde2 dxc4 14. Qxc4 Be6 15. Qa4 a6 16. Rfd1 Qb6 17. Qc2 Rac8 18. Bh4 Rfd8 19. Rxd8+ Qxd8 20. Rd1 Qc7 21. Qb1 b5 22. b4 Qc4 23. Bg3 Qxb4 24. Qxb4 Bxb4 25. Bxe5 h6 26. Rb1 Be7 27. Rb2 b4 28. Nb1 Bc4 29. Kf1 Bd3 30. Ke1 Bb5 31. Nd2 a5 32. Nb3 a4 33. Nbd4 Bd7 34. Rc2 Rxc2 35. Nxc2 Be6 36. Nc1 Kf8 37. Nd4 Bd5 38. f3 Nd7 39. Bf4 Bc4 40. Nc6 Bc5 41. Na5 Ba6 42. Nc6 1/2-1/2

[Event "Wch U14 Girls"]
[Site "Al Ain"]
[Date "2013.12.26"]
[Round "9"]
[White "Nunes, Agatha Hurba"]
[Black "Noman, Shaima"]
[Result "1-0"]
[WhiteElo "1669"]
[BlackElo "1415"]
[PlyCount "55"]
[EventDate "2013.12.18"]
[EventType "swiss"]
[EventRounds "11"]
[EventCountry "UAE"]
[SourceTitle "CBM 158 Extra"]
[Source "ChessBase"]
[SourceDate "2014.02.28"]
[SourceVersion "1"]
[SourceVersionDate "2014.02.28"]
[SourceQuality "1"]

1. d4 d5 2. c4 e6 3. cxd5 exd5 4. Nc3 Nf6 5. Bg5 Nbd7 6. Nf3 c6 7. e3 Qa5 8. Bd3 Bb4 9. Qc2 0-0 10. 0-0 Qc7 11. a3 Bd6 12. Rfc1 a6 13. b4 b5 14. Rab1 Bb7 15. Bxf6 Nxf6 16. e4 dxe4 17. Nxe4 Nd5 18. Nxd6 Qxd6 19. Bxh7+ Kh8 20. Be4 Rac8 21. h3 Nf4 22. Qc5 Qh6 23. Re1 Nd5 24. Bxd5 cxd5 25. Qe7 Rb8 26. Rbc1 Qf6 27. Rc7 Qxe7 28. Rexe7 1-0

[Event "Wch U14 Girls"]
[Site "Al Ain"]
[Date "2013.12.22"]
[Round "6"]
[White "Noman, Shaima"]
[Black "Asgharpourmasoleh, Tara"]
[Result "0-1"]
[WhiteElo "1415"]
[BlackElo "1646"]
[PlyCount "32"]
[EventDate "2013.12.18"]
[EventType "swiss"]
[EventRounds "11"]
[EventCountry "UAE"]
[SourceTitle "CBM 158 Extra"]
[Source "ChessBase"]
[SourceDate "2014.02.28"]
[SourceVersion "1"]
[SourceVersionDate "2014.02.28"]
[SourceQuality "1"]

1. e4 e5 2. Nf3 Nc6 3. d4 exd4 4. Bc4 Bc5 5. c3 Nf6 6. cxd4 Bb4+ 7. Bd2 Bxd2+ 8. Nbxd2 d5 9. exd5 Nxd5 10. 0-0 0-0 11. Rc1 Bg4 12. Re1 Nxd4 13. h3 Nxf3+ 14. Nxf3 Be6 15. Ng5 Qxg5 16. Qf3 c6 0-1